00552 2200193 4500001002100000005001500021035002000036007000300056008004100059020002200100082000800122084001400130100001000144245006900154250001100223260005100234300004500285650002800330INLIS00000000000102420210731112655 a0010-0721000062ta210731 d 0 ind  a978-602-6208-38-5 a928 a928 TEM h0 aTempo1 aHamengku Buwono IX :bPengorbanan Sang Pembela Republik /cTempo acet. 1 aJakarta :bKepustakaan Populer Gramedia,c2015 axii + 178 hlm. :bIlus. ;c16 cm X 23 cm aSejarah Tokoh Indonesia